| 000 | 00977pam a2200325 a 4500 | ||
|---|---|---|---|
| 999 |
_c2161 _d2161 |
||
| 001 | 013678620 | ||
| 003 | Uk | ||
| 005 | 20230315082843.0 | ||
| 008 | 070213s2007 enka j 000 1 eng d | ||
| 015 |
_aGBA714745 _2bnb |
||
| 016 | 7 |
_a013678620 _2Uk |
|
| 020 | _a9781847150172 (pbk.) : | ||
| 040 |
_aStDuBDS _beng _cStDuBDS _dUk _dKH8 |
||
| 042 | _aukblsr | ||
| 082 | 0 | 4 |
_a823.914 MAC _222 |
| 100 | 1 |
_aMacDonald, Alan, _d1958- _eauthor |
|
| 245 | 1 | 0 |
_aPants! / _c[illustrated by] David Roberts ; written by Alan MacDonald. |
| 260 |
_aLondon : _bStripes, _c2007. |
||
| 300 |
_a93 p. : _bill. ; _c20 cm. |
||
| 336 |
_atext _2rdacontent |
||
| 337 |
_aunmediated _2rdamedia |
||
| 338 |
_avolume _2rdacarrier |
||
| 490 | 1 | _aDirty Bertie | |
| 500 |
_aFormerly CIP. _5Uk |
||
| 650 | 0 |
_aDirty Bertie (Fictitious character) _vJuvenile fiction. |
|
| 650 | 0 | _aChildren's stories, English. | |
| 700 | 1 |
_aRoberts, David, _d1970- _eauthor |
|
| 830 | 0 | _aDirty Bertie. | |
| 942 |
_2ddc _cNFIC |
||